000 00550nam a22001817a 4500
003 DO-SdBNP
005 20180313101710.0
008 180313b2001 xxu||||| |||| 00| 0 spa d
020 _a0300084463
040 _aBPMSU
_beng
_cBPMSU
100 _aBrettel, Richard R.
245 _aImpression :
_bpainting quickly in france, 1860-1890 /
_cRichard R. Brettell
260 _aLondon :
_bYale University Press in Associa
_c2001
300 _a240 p. :
_bil.
_c29. 5 cm
942 _2ddc
_cBK
945 _ainventariado, 2018 / dg
956 _adgarcia
_b10
999 _c13353
_d13353